Which Nordic Country? Quiz Stats

 Plays Quiz Updated Feb 26, 2018

Challenge
Share
Tweet
Embed
Score 0/24 Timer 10:00
0 Plays Today
Hint D, N, S, F, or I? % Correct
Has the most volcanoes in Europe???
78.4%
Famed setting of Shakespeare's 'Hamlet'???
78.2%
Where a majority of the Nobel prizes are awarded???
64.5%
Has the most populous city of the Nordic countries???
63.8%
Has won the most Winter Olympic medals in history???
60.2%
Only Nordic country with claims to Antarctica???
58.6%
Home to the northernmost town on Earth???
57.5%
Only Nordic country whose majority language is non-Germanic???
55.6%
Has the most Nordic overseas autonomous regions???
54.1%
One of two nations who fought in the Winter War???
53.5%
Known for its affinity for saunas???
50.4%
One of the few countries in the world to still use the patronymic system???
49%
Hint D, N, S, F, or I? % Correct
Has a female monarch???
45.2%
Has the highest maximum tax rate in the world???
41.5%
Has the 4th highest GDP per capita in the world???
40.8%
Donates a larger percentage of their GDP than any other country???
40.2%
Boasts the oldest national flag in the world (still in use)???
36.5%
Home to the world's oldest continuous parliament???
35.4%
Only Nordic nation to be part of the EU and NATO???
34.6%
Only Nordic country operating on the Euro???
33.7%
One of two nations subject to the 'Cod Wars'???
28.2%
Possesses the autonomous region the Ă…land Islands???
23.7%
Where the tsars of Russia pull their heritage???
18%
Ranked #1 in 2012 for best gender equality???
15.7%

You're not logged in!

Compare scores with friends on all Sporcle quizzes.
Join for Free
OR
Log In

You Might Also Like...

Show Comments

Extras

Top Quizzes Today


Score Distribution

Your Account Isn't Verified!

In order to create a playlist on Sporcle, you need to verify the email address you used during registration. Go to your Sporcle Settings to finish the process.

Report this User

Report this user for behavior that violates our Community Guidelines.

Details: